Análisis químico de trazas
Saved in:
| Main Authors: | , |
|---|---|
| Format: | Book |
| Language: | Spanish |
| Published: |
Madrid
Síntesis
2011
|
| Edition: | 1a. ed |
| Series: | Biblioteca de Químicas, 30
|
| Subjects: | |
| Tags: |
Add Tag
No Tags, Be the first to tag this record!
|
MARC
| LEADER | 00000cam a2200000 a 4500 | ||
|---|---|---|---|
| 001 | UCD1368 | ||
| 003 | CL-VaPUC | ||
| 008 | 160303e20110000sp |||||||||||||||||spa|d | ||
| 020 | |a 9788497566841 | ||
| 082 | 0 | 4 | |a 543.08132 |b CAM |2 21 |
| 100 | 0 | |a Cámara, Carmen |e author |9 584471 | |
| 700 | 0 | |a Pérez-Conde, Concepción |e author |9 584472 | |
| 245 | 1 | 0 | |a Análisis químico de trazas |
| 250 | |a 1a. ed | ||
| 300 | |a 477 p | ||
| 942 | |c BK | ||
| 945 | |d 20160303 03:41:00 |a dcastane | ||
| 260 | |a Madrid |b Síntesis |c 2011 | ||
| 650 | 7 | |a MICROQUIMICA |2 CL-VaPUC |9 357470 | |
| 650 | 0 | |a Análisis químico |9 344456 | |
| 650 | 7 | |a TRAZADORES RADIACTIVOS EN BIOLOGIA |2 CL-VaPUC |9 327315 | |
| 583 | |a last modification |c 20160303 03:41:00 |k Rodrigo Vera | ||
| 490 | 0 | |a Biblioteca de Químicas, 30 | |
| 999 | |c 362716 |d 362714 | ||
| 952 | |0 0 |1 0 |3 erb |4 0 |6 543_081320000000000_CAM_2011 |7 0 |8 A |9 474148 |a BIBCUR |b BIBCUR |i 5264723 |l 3 |m 2 |o 543.08132 CAM 2011 |p 5264723 |r 2025-05-02 |s 2025-04-24 |w 2019-11-24 |y BK |z Catalogado en:20160303 |k QUI | ||